00553 2200217 4500001002100000005001500021035002000036007000300056008004100059020001800100082001100118084001700129100001800146245007000164250001000234260003500244300002000279650001800299990000800317990001000325INLIS00000000000023720170914110102 a0010-0917000223ta170914 0 ind  a979-3762-36-5 a297.01 a297.01 BIS d0 aBisyri, Fulex1 aDear Rasul :bKumpulan Surat CInta Tock Rasul /cH.A.Fulex Bisyri aCet.1 aJakarta :bQultum Media,c2005 a80 hlm ;c19 cm aAkhlak Islami a306 a306 c